| 000 | 00412nam a2200121Ia 4500 | ||
|---|---|---|---|
| 008 | 220615s9999||||xx |||||||||||||| ||und|| | ||
| 245 | 0 | _aThermosoftening Plastics | |
| 546 | _aEnglish[eng] | ||
| 650 | _aPolymer chemistry | ||
| 700 | _aAkın Evingür, Gülşen||Pekcan, Önder||Achilias, Dimitris S. | ||
| 856 | _uhttps://mts.intechopen.com/storage/books/9319/authors_book/authors_book.pdf | ||
| 942 | _cEB | ||
| 999 |
_c7885 _d7885 |
||